000 01062cam a2200253 4500
008 031013n2003 000 0 eng u
020 _a0419256903
035 _a(Sirsi) u123899
041 _aeng
050 _a711.52
_c18
100 _aWoolley, Helen
245 _aUrban open spaces
260 _aLondon
_bSpon
_c2003
300 _axiv, 194p.
_bill.
_c28cm.
350 _a40
520 _aThis book brings evidence from different disciplines to outline the benefits and opportunities of urban open space. Section one considers the social, health, environmental and economic benefits of open space. Section two looks at different types of urban open space, including domestic, neighbourhood and civic. Section three presents good practice case studies showing how urban spaces are being incorporated into new developments and community initiatives. References.
650 _aOPEN SPACES
650 _aURBAN AREAS
650 _aNEIGHBOURHOOD RENEWAL
650 _aGREEN SPACES
650 _aURBAN RENEWAL
690 _aREGENERATION
942 _n0
999 _c103114
_d103114